000 00783nam a2200289Ia 4500
001 34667
003 IT-RoPAU
008 130308s9999 xx 000 0 und d
040 _aIT-RoPAU
040 _cIT-RoPAU
041 _aITALIANO
100 _aFolena Gianfranco
100 _gCodice Aut. SPICS: 14740
245 _aLingua dell'improvviso nella commedia goldoniana (La)
245 _bMetodi Attuali della Critica in Italia (I)
250 _a1a ed.
260 _aTORINO
260 _bERI - Edizioni Rai
260 _c1980 [1° Ed.:1980 - Ed.Ling.Originale:1959]
300 _a"13 p. (prefazione: no ; testo: 13 [pagine: 216-228])"
650 _aSEMIOLOGIA
650 _eCodice materia Spics: 3251
942 _cBK
957 _71
999 _c40874
_d40874
999 _bSI
999 _g1